| 000 | 01491nam a2200349 a 4500 | ||
|---|---|---|---|
| 999 |
_c121959 _d121959 |
||
| 003 | BLK | ||
| 005 | 20241206005451.0 | ||
| 008 | 180409b bul|||||r ||||||| ||bul|| | ||
| 010 | _aKNG00127592000 | ||
| 040 | _aBLK | ||
| 041 |
_aBUL _cBUL |
||
| 080 |
_aБългарска литература _b821.163.2 _x-1 _z821.163.2-1 |
||
| 100 |
_aБагряна, Елисавета _d1893-1991 _qБелчева, Елисавета Любомирова _9364149 |
||
| 139 |
_aБагряна, Елисавета _bБ 13 |
||
| 245 | 1 | 0 |
_aСтихотворения _cЕлисавета Багряна; с предг. от Петър Николов Динеков; * Елисавета Любомирова Белчева. |
| 250 | _a3. изд. | ||
| 257 | _aBGR | ||
| 260 |
_bБълг. писател _c1968 _aСофия |
||
| 300 |
_a151 с. _c25 см |
||
| 380 | _aX | ||
| 490 |
_aБиблиотека за ученика _9201322 |
||
| 500 | _aЕлисавета Багряна - псевд. на Елисавета Любомирова Белчева. - 1. изд. 1966. | ||
| 700 | 1 |
_aДинеков, Петър Николов _eс предг. от _9363799 |
|
| 700 |
_aБелчева, Елисавета Любомирова _9269418 |
||
| 852 | _aЦб 44574 | ||
| 856 | 4 | _qpdf | |
| 856 | 4 | _qpdf | |
| 942 |
_cKNG _n0 _s1 |
||
| 944 |
_aCR _c16.02.2012 _lCRON CRON _k |
||
| 944 |
_aED _c16.02.2012 _l16.02.2012 - от С1,Р / 16.02.2012 |
||
| 999 | _d121959 | ||